Predictive Analytics for Business Strategy (Record no. 11089)

MARC details
000 -LEADER
fixed length control field 00426nam a22001817a 4500
003 - CONTROL NUMBER IDENTIFIER
control field OSt
008 - FIXED-LENGTH DATA ELEMENTS--GENERAL INFORMATION
fixed length control field 220215b ||||| |||| 00| 0 eng d
020 ## - INTERNATIONAL STANDARD BOOK NUMBER
International Standard Book Number 9789390219810
082 ## - DEWEY DECIMAL CLASSIFICATION NUMBER
Classification number 658.4033 PRP
100 ## - MAIN ENTRY--PERSONAL NAME
Personal name PRINCE,Jeffrey T
245 ## - TITLE STATEMENT
Title Predictive Analytics for Business Strategy
250 ## - EDITION STATEMENT
Edition statement 1st
260 ## - PUBLICATION, DISTRIBUTION, ETC. (IMPRINT)
Place of publication, distribution, etc New Delhi
Name of publisher, distributor, etc TMH
Date of publication, distribution, etc 2021
300 ## - PHYSICAL DESCRIPTION
Extent 360
650 ## - SUBJECT ADDED ENTRY--TOPICAL TERM
Topical term or geographic name as entry element MBA
700 ## - ADDED ENTRY--PERSONAL NAME
Personal name BOSE,Amarnath
942 ## - ADDED ENTRY ELEMENTS (KOHA)
Source of classification or shelving scheme Dewey Decimal Classification
Koha item type Text Books
Holdings
Withdrawn status Lost status Source of classification or shelving scheme Damaged status Not for loan Collection code Home library Current library Date acquired Source of acquisition Currency Cost, normal purchase price Bill Number Total Checkouts Full call number Acc. no. / Barcode Date last seen Actual Cost, discounted price Bill Date Koha item type Date last borrowed
    Dewey Decimal Classification     MBA PIET C-LIBRARY PIET C-LIBRARY 11/01/2022 Kirti Praskshan IN Rupees 725.00 IN3270   658.4012 PRP 33466 15/02/2022 493.00 11/01/2022 Text Books  
    Dewey Decimal Classification     MBA PIET C-LIBRARY PIET C-LIBRARY 11/01/2022 Kirti Praskshan IN Rupees 725.00 IN3270   658.4012 PRP 33467 15/02/2022 493.00 11/01/2022 Text Books  
    Dewey Decimal Classification     MBA PIET C-LIBRARY PIET C-LIBRARY 11/01/2022 Kirti Praskshan IN Rupees 725.00 IN3270   658.4012 PRP 33468 15/02/2022 493.00 11/01/2022 Text Books  
    Dewey Decimal Classification     MBA PIET C-LIBRARY PIET C-LIBRARY 11/01/2022 Kirti Praskshan IN Rupees 725.00 IN3270   658.4012 PRP 33469 15/02/2022 493.00 11/01/2022 Text Books  
    Dewey Decimal Classification     MBA PIET C-LIBRARY PIET C-LIBRARY 11/01/2022 Kirti Praskshan IN Rupees 725.00 IN3270   658.4012 PRP 33470 15/02/2022 493.00 11/01/2022 Text Books  
    Dewey Decimal Classification     MBA PIET C-LIBRARY PIET C-LIBRARY 11/01/2022 Kirti Praskshan IN Rupees 725.00 IN3270   658.4012 PRP 33471 15/02/2022 493.00 11/01/2022 Text Books  
    Dewey Decimal Classification     MBA PIET C-LIBRARY PIET C-LIBRARY 11/01/2022 Kirti Praskshan IN Rupees 725.00 IN3270 1 658.4012 PRP 33472 20/02/2024 493.00 11/01/2022 Text Books 02/02/2024
    Dewey Decimal Classification     MBA PIET C-LIBRARY PIET C-LIBRARY 11/01/2022 Kirti Praskshan IN Rupees 725.00 IN3270   658.4012 PRP 33473 15/02/2022 493.00 11/01/2022 Text Books  
    Dewey Decimal Classification     MBA PIET C-LIBRARY PIET C-LIBRARY 11/01/2022 Kirti Praskshan IN Rupees 725.00 IN3270   658.4012 PRP 33474 15/02/2022 493.00 11/01/2022 Text Books  
    Dewey Decimal Classification     MBA PIET C-LIBRARY PIET C-LIBRARY 11/01/2022 Kirti Praskshan IN Rupees 725.00 IN3270   658.4012 PRP 33475 15/02/2022 493.00 11/01/2022 Text Books  

Design & Developed by: PIET Central Library
R70 Miles Stone Pattikalyana Samalkha Panipat 132102
mail ID :- [email protected], Phone No:- 0180-2569700 Ex.216